Ligne 6 du Métro Parisien - Statistiques

Statistiques générales
  • Ce quiz a été pris 2 483 fois
  • Le résultat moyen est 19 sur 28
Statistiques - réponses
n gares correspondances % Correct
1 Nation M 1 2 9RER A
96%
28 Charles de Gaulle - Etoile M 1 2RER A
86%
17 Montparnasse - Bienvenüe M 4 12 13Transilien N
85%
6 Bercy M 14
84%
10 Place d'Italie M 5 7
82%
23 Bir-Hakeim RER C
81%
25 Trocadéro M 9
79%
14 Denfert-Rochereau M 4RER B
78%
12 Glacière
77%
4 Daumesnil M 8
70%
24 Passy
70%
18 Pasteur M 12
69%
7 Quai de la Gare
69%
15 Raspail M 4
69%
2 Picpus
68%
21 La Motte-Picquet - Grenelle M 8 10
64%
27 Kléber
63%
11 Corvisart
62%
9 Nationale
62%
16 Edgar Quinet
61%
3 Bel-Air
60%
13 Saint-Jacques
60%
22 Dupleix
59%
8 Chevaleret
58%
20 Cambronne
57%
5 Dugommier
57%
26 Boissière
52%
19 Sèvres - Lecourbe
52%
Aucun quiz correspondant
Distribution des résultats
% des personnes avec chaque résultat
Percentile par nombre de réponses
Votre historique - résultats
Vous n’avez pas pris ce quiz